Webová aplikácia pre vyhľadávanie spojov MHD

Enregistré dans:
Détails bibliographiques
Auteur principal: Žuffa, Denis (Auteur)
Autres auteurs: Kocúr, Michal (Directeur de thèse)
Format: Manuscrit Livre
Langue:slovaque
Publié: 2019
Sujets:
Accès en ligne:http://is.stuba.sk/zp/portal_zp.pl?podrobnosti=135146
Tags: Ajouter un tag
Pas de tags, Soyez le premier à ajouter un tag!

MARC

LEADER 00000ntm a22000003a 4500
001 stuzp72058
003 SK-STU
005 20190903131754.4
007 ta
008 150427s2015----xo-----f-mn---000-0-slo-d
040 |a STU  |b slo 
041 0 |a slo 
044 |a xo 
100 1 |a Žuffa, Denis  |u 035000  |4 aut  |U FEI Fakulta elektrotechniky a informatiky  |T FEI Ústav informatiky a matematiky  |X 86184  |U E050  |Y 816  |7 86184 
242 0 1 |a Public Transport Web Application  |y eng 
245 1 0 |a Webová aplikácia pre vyhľadávanie spojov MHD 
260 |c 2019 
300 |a 46 s.,  |b DVD 
650 4 |a databáza  |2 slo 
650 4 |a informačný systém  |2 slo 
650 4 |a MHD  |2 slo 
650 4 |a database  |2 eng 
650 4 |a information system  |2 eng 
650 4 |a public transport  |2 eng 
700 1 |a Kocúr, Michal  |u 030400  |k Z2  |4 ths  |U FEI Fakulta elektrotechniky a informatiky  |T FEI Ústav automobilovej mechatroniky  |X 55800  |U E400  |Y 642  |7 A000055800 
856 4 |u http://is.stuba.sk/zp/portal_zp.pl?podrobnosti=135146 
996 |b 284ER03029  |c E*Bc- 3029  |l EE35  |s P  |a 0  |w stuzp72058_0001